Statistics for History by Letter - T

Click here to take the quiz!

General Stats

  • This quiz has been taken 75,101 times
  • The average score is 13 of 20

Answer Stats

HintAnswer% Correct
Ship that hit an iceberg in 1912Titanic
97%
First female PM of the UKMargaret Thatcher
95%
Young pharaoh whose tomb was
discovered in 1922
Tutankhamun
92%
Group that regained power in
Afghanistan in 2021
Taliban
86%
1773 tax protest in Boston HarborTea Party
80%
Formal robe of ancient RomeToga
78%
Dynasty of Henry VIIITudor
76%
Beijing massacre site of 1989Tiananmen Square
75%
Region annexed by China in 1951Tibet
73%
FDR's successorHarry S. Truman
70%
Marble mausoleum called the finest
example of Mughal architecture
Taj Mahal
68%
Sculptures buried with the
first emperor of China
{Terracotta} Army
65%
Tropical paradise visited by
the HMS Bounty
Tahiti
56%
Decorative fabric for castle wallsTapestry
51%
Exiled Soviet leader
assassinated in Mexico
Leon Trotsky
49%
Second emperor of RomeTiberius
46%
Type of Middle Ages catapultTrebuchet
46%
Escaped American slave who
rescued 70 others
Harriet Tubman
45%
City-state of ancient Greece or
capital of ancient Egypt
Thebes
39%
Conqueror of the 1300s who killed
5% of the world's population
Timur
13%

Score Distribution

Percentile by Number Answered

Percent of People with Each Score

Your Score History

You have not taken this quiz